| Tag |
First Indicator |
Second Indicator |
Subfields |
| LEADER |
00000cam a2200000Ii 4500 |
| 001 |
in00003339735 |
| 005 |
20211120171437.0 |
| 006 |
m o d f |
| 007 |
cr mn||||||||| |
| 008 |
130801s2013 dcub ob f000 0 eng d |
| 035 |
|
|
|a (OCoLC)ocn854861138
|
| 040 |
|
|
|a GPO
|b eng
|e rda
|e pn
|c GPO
|d MvI
|d UtOrBLW
|
| 043 |
|
|
|a n-us---
|
| 049 |
|
|
|a WWW
|
| 074 |
|
|
|a 0545-A-04 (online)
|
| 086 |
0 |
|
|a GA 1.41:GAO-13-367 R
|
| 088 |
|
|
|a GAO-13-367 R
|
| 100 |
1 |
|
|a Johnson, Charles Michael,
|e author.
|
| 245 |
1 |
0 |
|a Status of funding, equipment, and training for the Caribbean Basin Security Initiative /
|c Charles Michael Johnson, Jr.
|
| 246 |
1 |
7 |
|a CBSI
|
| 264 |
|
1 |
|a Washington, DC :
|b United States Government Accountability Office,
|c 2013.
|
| 300 |
|
|
|a 1 online resource (23 pages) :
|b color illustration, color map
|
| 336 |
|
|
|a text
|b txt
|2 rdacontent
|
| 337 |
|
|
|a computer
|b c
|2 rdamedia
|
| 338 |
|
|
|a online resource
|b cr
|2 rdacarrier
|
| 500 |
|
|
|a Title from title screen (viewed July 9, 2013).
|
| 500 |
|
|
|a "March 20, 2013."
|
| 504 |
|
|
|a Includes bibliographical references.
|
| 500 |
|
|
|a "GAO-13-367R."
|
| 650 |
|
0 |
|a Economic assistance, American
|z Caribbean Area.
|
| 650 |
|
0 |
|a Crime prevention
|z Caribbean Area
|x Finance.
|
| 650 |
|
0 |
|a Gang prevention
|z Caribbean Area
|x Finance.
|
| 650 |
|
0 |
|a Drug traffic
|z Caribbean Area
|x Prevention
|x Finance.
|
| 710 |
1 |
|
|a United States.
|b Government Accountability Office,
|e author,
|e issuing body.
|
| 856 |
4 |
0 |
|u https://purl.fdlp.gov/GPO/gpo38025
|t 0
|
| 999 |
|
|
|a MARS
|
| 999 |
f |
f |
|s 5ecb6364-c773-3103-a4bf-74e6655ebd69
|i 97de4e58-262a-3d7f-ab8d-b05010e94c1c
|t 0
|
| 952 |
f |
f |
|a Texas A&M University
|b College Station
|c Electronic Resources
|d Available Online
|t 0
|e GA 1.41:GAO-13-367 R
|h Superintendent of Documents classification
|
| 998 |
f |
f |
|a GA 1.41:GAO-13-367 R
|t 0
|l Available Online
|